00330nam a2200133Ia 4500008004100000020001500041041001200056082001600068100001400084245004900098260002500147300000800172650001600180221030s9999 xx 000 0 und d a0070483345 aEnglish a105.23bcAR aN. Carter 0aSchaum`s Computer Architecturecby N. Carter bTMHaNew Delhic2003 a306 aBE Computer